Prehľad poľnohospodárskej, lesníckej a drevárskej literatúry c) Knihy

Bibliographic Details
Corporate Authors: Ústredná pôdohospodárska knižnica v Košiciach, Poľnohospodárske a lesnícke dokumentačné stredisko (Košice) (Publisher), Východoslovenské tlačiarne (Košice, Slovensko)
Other Authors: Lukáč, Rudolf (Publishing director)
Format: Journal
Language:Slovak
PhysicalDescription:3 čís. 30 x 22 cm
Published: Košice Ústredná pôdohospodárska knižnica Poľnohospodárske a lesnícke dokumentačné stredisko 1952
Subjects:

MARC

LEADER 00000nas a22000001a 4500
001 vtls010302019
003 SK-MaSNL
005 20260228162816.0
008 110810d19521952xo qr p r 0 b0slo
015 |a SNBDS17XX9999 
015 |a 1217  |2 Balúnová 1945-60 
038 |a SNKBUDS 
040 |a SNK  |b slo  |c SNK  |e AACR2 
041 0 |a slo 
044 |a xo  |c SK 
080 |a 63  |2 2001 
080 |a 016  |2 2001 
080 |a 630  |2 2001 
080 |a 674  |2 2001 
080 |a 82-96  |2 2001 
245 0 0 |a Prehľad poľnohospodárskej, lesníckej a drevárskej literatúry  |b c) Knihy 
260 |a Košice  |b Ústredná pôdohospodárska knižnica  |b Poľnohospodárske a lesnícke dokumentačné stredisko  |c 1952 
300 |a 3 čís.  |c 30 x 22 cm 
310 |a 4x ročne 
362 0 |a Roč. III, č. 1 (1952)-č. 3 (1952) 
500 |a V tiráži: Referátový časopis 
500 |a Vych. v Košiciach 4x ročne 
500 |a Ved. red. Rudolf Lukáč 
500 |a Vyd. Ústredná pôdohospodárska knižnica v Košiciach, spracováva Poľnohospodárske a lesnícke dokumentačné stredisko 
500 |a Tlač. Východoslovenské tlačiarne, n. p., zákl. záv. Košice 
500 |a Vyšli len 3 čísla: 1. s podnázvom Katalog sovietskych pôdohospodárskych kníh, 2. Katalog poľských a maďarských pôdohospodárskych kníh a 3. Katalog českých a slovenských pôdohospodárskych kníh. Číslo 3 bolo vyhotovené za spolupráce Dokumentačného strediska Čs. akadémie pôdohospodárskej v Prahe 
505 8 0 |g Roč. III. 1952 3 č. 252 s. 
650 0 7 |a poľnohospodárstvo  |2 SNKPH  |9 679 
650 0 7 |a odborná literatúra  |x prehľady  |2 SNKPH  |9 272172 
650 0 7 |a lesníctvo  |2 SNKPH  |9 1255 
650 0 7 |a drevárstvo  |2 SNKPH  |9 1116 
655 7 |a odborné bibliografické časopisy  |2 SNKBUDS  |9 272173 
700 1 |a Lukáč, Rudolf  |4 pbd  |9 6088 
710 2 |a Ústredná pôdohospodárska knižnica v Košiciach  |9 188655 
710 2 |a Poľnohospodárske a lesnícke dokumentačné stredisko (Košice)  |e vydav.  |9 272181 
710 2 |a Východoslovenské tlačiarne (Košice, Slovensko)  |9 29898 
852 |a SNK  |b 10000  |h SB 1668 
852 |a SVKKK  |b 900000  |h C 195 
999 |c 8378  |d 10308